ბათუმის შოთა რუსთაველის სახელმწიფო უნივერსიტეტის ბიბლიოთეკა

აღმოსავლეთ ამიერკავკასიის ქალაქები XVI-XVIII საუკუნეებში / (ბიბ.ჩანაწერი № 36297)

000 -ლიდერი
ფიქსირებული სიგრძის საკონტროლო ველი 01748nam a2200253Ia 4500
001 - საკონტროლო ნომერი
საკონტროლო ველი 2204
003 - საკონტროლო ნომრის იდენტიფიკატორი
საკონტროლო ველი GE_BSU
005 - ბოლო ოპერაციის თარიღი და დრო
საკონტროლო ველი 20190520155916.0
008 - ფიქსირებული სიგრძის მონაცემთა ელემენტები - ზოგადი ინფორმაცია
ფიქსირებული სიგრძის საკონტროლო ველი 181216s1976||||ge |||||||||||||| ||geo||
040 ## - კატალოგიზაციის წყარო
Transcribing agency GE_BSU
041 ## - ენის კოდი
Language code of text/sound track or separate title geo
080 ## - უნივერსალური ათობითი კლასიფიკაციის ინდექსი
Universal Decimal Classification number 94(479.22) კ–96
100 ## - მთავარი ჩანაწერი - პიროვნების სახელი
Personal name კუცია, რ.
9 (RLIN) 1422
245 ## - ცნობა სათაურის შესახებ
Title აღმოსავლეთ ამიერკავკასიის ქალაქები XVI-XVIII საუკუნეებში /
Statement of responsibility, etc კარლო კუცია ; საქართველოს სსრ მეცნიერებათა აკადემია, აკად. გიორგი წერეთლის სახელობის აღმოსავლეთმცოდნეობის ინსტიტუტი ; რედ. ვ. გაბაშვილი.
264 ## - წარმოების, გამოცემის, დისტრიბუციის და სხვა ცნობები
გამოცემის, წარმოების, დისტრიბუციის... ადგილი თბილისი :
გამოცემის, წარმოების, დისტრიბუციის... სახელწოდება მეცნიერება,
გამოცემის, წარმოების, დისტრიბუციის... თარიღი 1976.
300 ## - ფიზიკური აღწერა
Extent 210 გვ.;
Other physical details 21 სმ.
653 ## - INDEX TERM--UNCONTROLLED
Uncontrolled term ისტორია
653 ## - INDEX TERM--UNCONTROLLED
Uncontrolled term ამიერკავკასიის ისტორია
653 ## - INDEX TERM--UNCONTROLLED
Uncontrolled term აღმოსავლეთ ამიერკავკასიის ისტორია
653 ## - INDEX TERM--UNCONTROLLED
Uncontrolled term აღმოსავლეთ ამიერკავკასიის ქალაქების ისტორია
700 ## - ADDED ENTRY--PERSONAL NAME
Personal name გაბაშვილი, ვალერიან
Relator term რედაქტორი
9 (RLIN) 1423
710 ## - ADDED ENTRY--CORPORATE NAME
Corporate name or jurisdiction name as entry element საქართველოს სსრ მეცნიერებათა აკადემია,
Subordinate unit აკად. გიორგი წერეთლის სახელობის აღმოსავლეთმცოდნეობის ინსტიტუტი.
9 (RLIN) 1424
942 ## - ADDED ENTRY ELEMENTS (KOHA)
Koha item type წიგნი
Source of classification or shelving scheme
ეგზემპლარები
ჩამოწერის სტატუსი დაკარგული ეგზემპლარის სტატუსი კლასიფიკაციის წყარო ან თაროზე გაწყობის სქემა დაზიანების სტატუსი არ გაიცემა მუდმივი მდებარეობა (დაცვის ადგილი) ამჟამინდელი ადგილსამყოფელი თაროზე განთავსების ადგილი შეძენის თარიღი ღირებულება, შესყიდვის ნორმალური ფასი სრული შენახვის შიფრი შტრიხკოდი ბოლო ოპერაციის თარიღი ეგზემპლარის მიმდევრობითი ნომერი (კეტერი?) ფასის ძალაში შესვლის თარიღი ეგზემპლარის სახეობა საჯარო შენიშვნა
          ბათუმის შოთა რუსთაველის სახელმწიფო უნივერსიტეტის მთავარი ბიბლიოთეკა ბათუმის შოთა რუსთაველის სახელმწიფო უნივერსიტეტის მთავარი ბიბლიოთეკა წიგნსაცავი 2018-12-17 5.00 94(479.22) კ–96 4267 2018-12-17 4267 2018-12-17 წიგნი 5 ლ.